000 00460nam a2200181 a 4500
001 3125
003 CO-ViMGA
008 141112s2004 ck r 000 u spa d
040 _aCO-ViMGA
_bspa
_cCO-ViMGA
082 0 4 _aRON
100 1 _aRondón, Javier
_952463
245 1 0 _aEl sapo distraido
260 _aCaracas :
_bEkare - Banco del libro,
_c1988
300 _a21 p : il
490 _aPonte poronte
650 1 4 _aCUENTOS INFANTILES
_92743
942 _2ddc
_cBK
999 _c15178
_d15178